000 03449cam a22007454i 4500
003 PE-LiUPU
005 20250731170445.0
008 150706s2008 pe rb 000 0 spa d
035 _a(Sirsi) a47005
040 _aPE-LiUPU
_bspa
_cPE-LiUPU
_dPE-LiUPU
_erda
049 _aPRUA
082 0 4 _a123.5
_bN94
_221
082 0 4 _a123
_bN94 2008
100 1 _aNúñez, Miguel Ángel,
_eautor.
245 1 0 _aLibres para elegir /
_cMiguel Ángel Núñez.
264 1 _aLima :
_bFortaleza Ediciones,
_c2008.
300 _a111 páginas ;
_c21 centimetros.
336 _atext
_2rdacontent
337 _aunmediated
_2rdamedia
338 _avolume
_2rdacarrier
490 _aPasaje a la vida
505 _a¿Qué significa ser libres? -- Libertad versus permisividad -- Las trampas de la libertad -- Elecciones que te marcan -- Educar la voluntad -- Antropología de la libertad -- Arquitecto de tu propio destino -- Individuo y libertad -- La única libertad que te libera.
526 _aSEG68
526 _aSEG70
526 _aSEG69
526 _aSEG67
526 _aSEG43
526 _aP144
526 _aP143
526 _aP131
526 _aP122
526 _aP120
526 _aP117
526 _aP112
526 _aP110
526 _aP106
526 _aP101
526 _aP80
526 _aP59
526 _aP54
526 _aP35
526 _aP33
526 _aP30
541 _FT01089.
650 0 4 _aLibertad
_xFilosofía.
650 0 4 _aLibre albedrío y determinismo.
910 _blch
_clch
_d20090513
910 _atqv
_d20160929
942 _2ddc
_cBOOK
949 _a123.5 N94
_wDEWEY
_c1
_i59544
_lCCODEBUL1
_mBUL
_p10.00
_r0
_sY
_tLIBRO
_u2015-07-06
_xBIBLIOTECA
_zUNKNOWN
_o.STAFF. Colección Ciencias de la Salud
949 _a123.5 N94
_wDEWEY
_c1
_iFJ02346
_lCCODEBUJ1
_mBUJ
_p10.00
_r0
_sY
_tLIBRO
_u2016-09-29
_xBIBLIOTECA
_zUNKNOWN
_o.STAFF. Colección General Juliaca
949 _a123.5 N94
_wLC
_c3
_iCW00287
_lCIW
_mBUL
_p00.00
_r1
_sY
_tBOOK
_u2017-03-23
_xWHITE
_zUNKNOWN
_0COMPRA
_o.STAFF. Centro White
949 _a123.5 N94
_wLC
_c4
_iCW00288
_lCIW
_mBUL
_p00.00
_r1
_sY
_tBOOK
_u2017-03-23
_xWHITE
_zUNKNOWN
_0COMPRA
_o.STAFF. Centro White
949 _a123 N94 2008
_wDEWEY
_c1
_iFT01089
_lCCODEBUT1
_mBUT
_p{Dolar}10.00
_r0
_sY
_tBOOK
_u2015-07-06
_xFSALUD
_PP33
_o.STAFF. Colección General Tarapoto
994 _aC0
_bPEPRU
596 _a1 2 3 4
999 _a123.5 N94
_wDEWEY
_c49102
_i59544
_d49102
_e2018-4-12
_f2021-11-3
_g5
_lCCODEBUL1
_mBUL
_n3
_p10.00
_r0
_sY
_tBOOK
_u2015-7-6
_xSALUD
_zUNKNOWN
_0COMPRA
_o.STAFF. Colección Ciencias de la Salud
999 _a123 N94 2008
_wDEWEY
_c1
_iFT01089
_d2018-6-8
_e2018-5-14
_f2018-12-12
_g1
_lCCODEBUT1
_mBUT
_n1
_p10.00
_r0
_sY
_tBOOK
_u2015-9-22
_xSALUD
_PP33
_0COMPRA
_o.STAFF. Colección General Tarapoto
999 _a123.5 N94
_wDEWEY
_c1
_iFJ02346
_d2019-4-8
_e2019-4-3
_f2022-1-17
_g4
_lCCODEBUJ1
_mBUJ
_n9
_p10.00
_q3
_r0
_sY
_tBOOK
_u2016-9-29
_xBIBLIOTECA
_zUNKNOWN
_0COMPRA
_o.STAFF. Colección General Juliaca
999 _a123.5 N94
_wDEWEY
_c1
_iCW00288
_lCRAI-HOUSE
_mBWL
_r0
_sY
_tBOOK
_u2017-3-23
_xWHITE
_zUNKNOWN
_0COMPRA
_o.STAFF. Centro White
999 _a123.5 N94
_wDEWEY
_c2
_iCW00287
_lCRAI-HOUSE
_mBWL
_r0
_sY
_tBOOK
_u2017-3-23
_xWHITE
_zUNKNOWN
_0COMPRA
_o.STAFF. Centro White
980 _81
_gALBERTO SANCHEZ Responsable de Automatización